000 01265nac a22003251i 4500
003 EG-ScBUE
005 20250526093215.0
008 250415s2004 e a f b 001 0 eng d
020 _a0521539277 (pbk.)
020 _a9780521539272
040 _aEG-ScBUE
_beng
_erda
_cEG-ScBUE
_dEG-ScBUE
082 0 4 _a530.15636
_bFRA
_222
100 1 _aFrankel, Theodore,
_eauthor.
245 1 4 _aThe geometry of physics :
_ban introduction /
_cTheodore Frankel, University of California, San Diego.
250 _aSecond edition.
264 1 _aCambridge :
_bCambridge University Press,
_c2004.
300 _axxvi, 694 pages :
_billustrations ;
_c27 cm
336 _2rdacontent
_atext
_btxt
337 _aunmediated
_2rdamedia
_bn
338 _avolume
_bnc
_2rdacarrier
500 _aIncludes Appendices.
504 _aIncludes bibliographical references and index.
650 7 _aGeometry, Differential.
_2BUEsh
650 7 _aMathematical physics.
_2BUEsh
655 _vReading book
856 4 1 _3Sample text
_uhttp://www.loc.gov/catdir/samples/cam041/2003044030.html
856 4 1 _3Publisher description
_uhttp://www.loc.gov/catdir/description/cam032/2003044030.html
856 4 1 _3Table of contents
_uhttp://www.loc.gov/catdir/toc/cam031/2003044030.html
942 _cBB
_2ddc
999 _c1385
_d1385